000 00225 a2200109 4500
020 _a978-0-545-40388-7
041 _aspa
100 _asatin capucilli, alyssa
245 _abizcocho sale a pasear
942 _cBK
952 _71
999 _c18133
_d18133